00519 2200181 4500245005800000020002200058250001100080100001300091700001300104650001200117650001300129005001900142260011900161041001400280084001000294300002400304336000900328 aBelajar Mengolah Buah Menjadi ManisancSri AsihhText a978-602-437-260-6 aCet. 1 aSri Asih aSulastri aMasakan aMasakaan a20241112095535 aJakartabBadan Pengembangan dan Pembinaan Bahasa, Kementerian Pendidikan dan Kebudayaan, Republik Indonesia.c2017 aIndonesia a641.5 ax, 54 hlm. :c21 cm atext